000 00579nam a2200229Ia 4500
003 OSt
005 20220926041849.0
006 a|||||r|||| 00| 0
007 ta
008 220923b |||||||| |||| 00| 0 eng d
037 _cGeneral Book
040 _aRTL
_cRTL
_beng
041 _2eng
_aeng
082 _aX9(J:1:7), H8;J0
100 _aBunce A C
_9345457
245 0 _aEconomics of soil conservation
260 _c1948
300 _a227p
_ccm.
650 _aSoil Industry
942 _hX9(J:1:7), H8;J0
_cGB
_2CC
999 _c668223
_d668223